Statistics for Oceanic Songs

Click here to take the quiz!

General Stats

  • This quiz has been taken 9 times
  • The average score is 7 of 15

Answer Stats

ArtistSong% Correct
Men At WorkDown {Under}
100%
AC/DCHighway To {Hell}
100%
Ken Darby SingersBali {Ha'i}
75%
SmokieLiving Next Door To {Alice}
75%
Rolf HarrisTie Me {Kangaroo} Down Sport
75%
David EssexT{ahiti}
63%
Arcade Player{Ayer's} Rock
38%
U2Van {Dieman}'s Land
38%
The DoozersGreat {Barrier} {Reef}
25%
Quantum JumpLone {Ranger}
25%
Charlie DrakeMy {Boomerang} Won't Come Back
25%
BayzoV{anuatu}
25%
Toad The Wet SprocketWalk On The {Ocean}
25%
Pacha Boy{Easter} Island Boy
13%
Guy MitchellShe Wears Red {Feathers}
13%

Score Distribution

Percentile by Number Answered

Percent of People with Each Score

Your Score History

You have not taken this quiz